|
|
|
|
| LEADER |
04038nam a22004213i 4500 |
| 001 |
EBC6033685 |
| 003 |
MiAaPQ |
| 005 |
20231204023214.0 |
| 006 |
m o d | |
| 007 |
cr cnu|||||||| |
| 008 |
231204s2020 xx o ||||0 eng d |
| 020 |
|
|
|a 9780113316458
|q (electronic bk.)
|
| 020 |
|
|
|z 9780113316441
|
| 035 |
|
|
|a (MiAaPQ)EBC6033685
|
| 035 |
|
|
|a (Au-PeEL)EBL6033685
|
| 035 |
|
|
|a (OCoLC)1139912580
|
| 040 |
|
|
|a MiAaPQ
|b eng
|e rda
|e pn
|c MiAaPQ
|d MiAaPQ
|
| 050 |
|
4 |
|a T58.64
|
| 082 |
0 |
|
|a 658.40380760000005
|
| 100 |
1 |
|
|a Limited, AXELOS.
|
| 245 |
1 |
0 |
|a ITIL®4 :
|b Direct, Plan and Improve.
|
| 264 |
|
1 |
|a London :
|b The Stationery Office Ltd,
|c 2020.
|
| 264 |
|
4 |
|c {copy}2020.
|
| 300 |
|
|
|a 1 online resource (161 pages)
|
| 336 |
|
|
|a text
|b txt
|2 rdacontent
|
| 337 |
|
|
|a computer
|b c
|2 rdamedia
|
| 338 |
|
|
|a online resource
|b cr
|2 rdacarrier
|
| 505 |
0 |
|
|a Intro -- Copyright Page -- Contents -- List of figures -- List of tables -- Foreword -- Preface -- About the ITIL 4 publications -- About the ITIL story -- ITIL Foundation recap -- Chapter 1: Introduction -- 1.1 Why direction, planning, and improvement matter -- 1.2 Direction -- 1.3 Planning -- 1.4 Improvement -- 1.5 The role of measurement and reporting -- 1.6 Direction, planning, and improvement of the ITIL SVS -- 1.7 Applying the guiding principles -- 1.8 alue, outcomes, costs, and risks in direct, plan, and improve -- 1.9 Direction, planning, and improvement for everyone -- Chapter 2: Strategy and direction -- 2.1 Strategy management -- 2.2 Defining the structures and methods used to direct behaviours and make decisions -- 2.3 The role of risk management in direction, planning, and improvement -- 2.4 Portfolio management: a key decision-making practice -- 2.5 Direction via governance, risk, and compliance -- 2.6 Summary -- Chapter 3: Assessment and planning -- 3.1 Basics of assessment -- 3.2 Basics of planning -- 3.3 Introduction to value stream mapping -- 3.4 Summary -- Chapter 4: Measurement and reporting -- 4.1 Basics of measurement and reporting -- 4.2 Types of measurements -- 4.3 Measurement and the four dimensions -- 4.4 Measurement of products and services -- 4.5 Summary -- Chapter 5: Continual improvement -- 5.1 Creating a continual improvement culture -- 5.2 Continual improvement of the service value chain and practices -- 5.3 Continual improvement in organizations -- 5.4 The continual improvement model -- 5.5 Using measurement and reporting in continual improvement -- 5.6 Summary -- Chapter 6: Communication and organizational change management -- 6.1 Basics of effective communication -- 6.2 Identifying and communicating with stakeholders -- 6.3 Basics of OCM -- 6.4 Summary -- Chapter 7: Developing a service value system.
|
| 505 |
8 |
|
|a 7.1 Adopting the guiding principles -- 7.2 Centre of excellence for service management -- 7.3 The four dimensions of service management in the SVS -- 7.4 Summary -- Chapter 8: Bringing it together -- 8.1 Modern leadership -- 8.2 Using the guiding principles for direction, planning, and improvement -- 8.3 Summary -- Chapter 9: Conclusion -- The ITIL story -- End note: The ITIL story -- Further research -- Glossary -- Acknowledgements.
|
| 588 |
|
|
|a Description based on publisher supplied metadata and other sources.
|
| 590 |
|
|
|a Electronic reproduction. Ann Arbor, Michigan : ProQuest Ebook Central, 2023. Available via World Wide Web. Access may be limited to ProQuest Ebook Central affiliated libraries.
|
| 650 |
|
0 |
|a ITIL (Information technology management standard)--Examinations--Study guides.
|
| 650 |
|
0 |
|a Information technology--Management--Examinations--Study guides.
|
| 650 |
|
0 |
|a Information technology projects--Management--Examinations--Study guides.
|
| 655 |
|
4 |
|a Electronic books.
|
| 776 |
0 |
8 |
|i Print version:
|a Limited, AXELOS
|t ITIL®4: Direct, Plan and Improve
|d London : The Stationery Office Ltd,c2020
|z 9780113316441
|
| 797 |
2 |
|
|a ProQuest (Firm)
|
| 856 |
4 |
0 |
|u https://ebookcentral.proquest.com/lib/matrademy/detail.action?docID=6033685
|z Click to View
|